Maria Theresia (Record no. 3955)

MARC details
000 -CABECERA
campo de control de longitud fija 00681nam a2200229 a 4500
001 - NÚMERO DE CONTROL
campo de control BRCA_4244
005 - FECHA Y HORA DE LA ÚLTIMA TRANSACCIÓN
campo de control 20190320204611.0
008 - DATOS DE LONGITUD FIJA--INFORMACIÓN GENERAL
campo de control de longitud fija 140610s1918----gw-a######---#000-0#ger-#
041 ## - CÓDIGO DE LENGUA
Código de lengua del texto/banda sonora o título independiente ger
044 ## - CÓDIGO DEL PAÍS DE LA ENTIDAD EDITORA/PRODUCTORA
Código MARC del país gw
050 #4 - SIGNATURA TOPOGRÁFICA DE LA BIBLIOTECA DEL CONGRESO
Número de clasificación DB71
Número de documento/Ítem .K73 1918
100 1# - ENTRADA PRINCIPAL--NOMBRE DE PERSONA
Nombre de persona Kraft, Zdenka von
9 (RLIN) 10938
245 10 - MENCIÓN DE TÍTULO
Título Maria Theresia
Resto del título Geschichtlicher Roman von
Mención de responsabilidad, etc. Zdenka von Kraft.
260 ## - PUBLICACIÓN, DISTRIBUCIÓN, ETC.
Lugar de publicación, distribución, etc. Berlín, Alemania
Nombre del editor, distribuidor, etc. Verlag von Rich
Fecha de publicación, distribución, etc. 1918
300 ## - DESCRIPCIÓN FÍSICA
Extensión 338 p.
Otras características físicas il., retratos
Dimensiones 22 cm.
440 #0 - MENCIÓN DE SERIE/PUNTO DE ACCESO ADICIONAL--TÍTULO
Título Romane berühmter manneru Frauen
9 (RLIN) 10939
500 ## - NOTA GENERAL
Nota general AM56
600 14 - PUNTO DE ACCESO ADICIONAL DE MATERIA--NOMBRE DE PERSONA
Nombre de persona María Teresa
Títulos y otros términos asociados al nombre Emperatriz de Austria
Fechas asociadas al nombre 1717-1780
9 (RLIN) 10940
650 14 - PUNTO DE ACCESO ADICIONAL DE MATERIA--TÉRMINO DE MATERIA
Término de materia o nombre geográfico como elemento de entrada Novela histórica
9 (RLIN) 10941
902 ## - CATALOGADOR
Iniciales GFM
942 ## - ELEMENTOS DE PUNTO DE ACCESO ADICIONAL (KOHA)
Fuente del sistema de clasificación o colocación Library of Congress Classification
Tipo de ítem Koha Libros
Holdings
Estado de retiro Estado de pérdida Estado dañado No para préstamo Localización permanente Ubicación/localización actual Fecha de adquisición Número de inventario Total de préstamos Signatura topográfica completa Código de barras Fecha visto por última vez Precio válido a partir de Tipo de ítem Koha
El ejemplar forma parte de la colección y puede ser consultado según las políticas vigentes.       Biblioteca del Museo Franz Mayer (Rogerio Casas-Alatriste) Biblioteca del Museo Franz Mayer (Rogerio Casas-Alatriste) 14/06/2010 AM56   DB71 .K73 1918 (AM56) 4241 22/03/2019 22/03/2019 Libros